| 000 | 00924nam a2200277 i 4500 | ||
|---|---|---|---|
| 003 | DO-SdBNP | ||
| 005 | 20231113143907.0 | ||
| 007 | ta | ||
| 008 | 220708e2021 dr ||||er|||| 000 fdspa d | ||
| 020 | _a9789945917390 | ||
| 040 |
_aDO-SdBNP _bspa _cBNPHU _erda |
||
| 082 | 4 |
_222 _bG216s |
|
| 100 |
_aGarcía, Pedro Pablo, _eautor _984633 |
||
| 245 | 1 |
_aSara : _buna realidad imaginaria de la que usted no está exento / _cPedro Pablo García |
|
| 264 |
_aSanto Domingo : _bOPUS, _c2021. |
||
| 300 |
_a49 páginas ; _c23 cm. |
||
| 336 |
_2rdacontent _atexto _btxt |
||
| 337 |
_2rdamedia _asin mediación _bn |
||
| 338 |
_2rdacarrier _avolumen _bnc |
||
| 500 | _aIncluye datos biográficos del autor en la contracubierta. | ||
| 590 | _aInventariado 2023/BT | ||
| 650 | 4 |
_aLiteratura _xRepública Dominicana _981604 |
|
| 650 | 4 |
_981760 _aNovela de Ciencia Ficción _zRepública Dominicana |
|
| 910 | _aMFeliz | ||
| 942 |
_2ddc _cLF2 |
||
| 999 |
_c52167 _d52167 |
||